Global economic prospects : the turning of the tide? /

Bibliographic Details
Corporate Author: World Bank Group, (Author)
Format: eBook
Language:English
Published: Washington, D. C. : International Bank for Reconstruction and Development / The World Bank, [2018]
Subjects:
Online Access:Click to View
LEADER 01625nam a2200385 i 4500
001 EBC5495745
003 MiAaPQ
005 20200520144314.0
006 m o d |
007 cr cnu||||||||
008 180917s2018 dcu o 000 0 eng d
020 |z 9781464812576 
020 |a 9781464813245 (e-book) 
035 |a (MiAaPQ)EBC5495745 
035 |a (Au-PeEL)EBL5495745 
035 |a (OCoLC)1050729851 
040 |a MiAaPQ  |b eng  |e rda  |e pn  |c MiAaPQ  |d MiAaPQ 
050 4 |a HF1359  |b .G563 2018 
082 0 |a 337  |2 23 
245 0 0 |a Global economic prospects :  |b the turning of the tide? /  |c World Bank Group. 
264 1 |a Washington, D. C. :  |b International Bank for Reconstruction and Development / The World Bank,  |c [2018] 
264 4 |c 2018 
300 |a 1 online resource (183 pages) 
336 |a text  |b txt  |2 rdacontent 
337 |a computer  |b c  |2 rdamedia 
338 |a online resource  |b cr  |2 rdacarrier 
588 |a Description based on print version record. 
590 |a Electronic reproduction. Ann Arbor, MI : ProQuest, 2018. Available via World Wide Web. Access may be limited to ProQuest affiliated libraries. 
650 0 |a International trade. 
650 0 |a International economic relations. 
655 4 |a Electronic books. 
710 2 |a World Bank Group,  |e author. 
776 0 8 |i Print version:  |t Global economic prospects: the turning of the tide?  |d Washington, D. C. : International Bank for Reconstruction and Development / The World Bank, c2018   |h 183 pages   |z 9781464812576 
797 2 |a ProQuest (Firm) 
856 4 0 |u https://ebookcentral.proquest.com/lib/matrademy/detail.action?docID=5495745  |z Click to View